000 00786cam a22002417a 4500
008
020 _a185775509X (pbk.)
049 _aMAIN
090 _aR729.5.G4
_bRUG
100 1 _aRughani, Amar.
245 1 4 _aThe GP's guide to personal development plans /
_cAmar Rughani ; forewords by Mike Pringle and Pat Lane.
260 _aAbingdon :
_bRadcliffe Medical Press,
_c2001.
300 _aviii, 166 p. :
_bill. ;
_c25 cm.
500 _aIncludes index.
504 _aIncludes bibliographical references.
650 _aPhysicians-personal development
650 _aMedicine- general practitioners.
907 _a.b10362873
_b16-09-15
_c16-09-15
003
005 20230123122153.0
040 _cNUST
942 _cBOOKS
_kR729.5.G4
_mRUG
999 _c129022
_d129022